Oceňovací praxe ochranných známek v České republice

Prezentácie praxe oceňovania ochranných známok ako nehmotného majetku firmy v Českej republike.

Saved in:
Bibliographic Details
Main Author: Harantová, Monika
Other Authors: Hesková, Marie
Format: Book Chapter
Language:Czech
Subjects:
Tags: Add Tag
No Tags, Be the first to tag this record!

MARC

LEADER 00000naa a2200000 4500
001 0236101
005 20220722104236.6
041 0 |a cze 
044 |a SK 
245 1 0 |a Oceňovací praxe ochranných známek v České republice  |c Monika Harantová, Marie Hesková 
520 |a Prezentácie praxe oceňovania ochranných známok ako nehmotného majetku firmy v Českej republike. 
610 2 0 |a Česko 
610 2 0 |a oceňovanie 
610 2 0 |a majetok nehmotný 
610 2 0 |a známky ochranné 
100 1 |a Harantová, Monika 
700 1 |a Hesková, Marie